[Event "Deltalift Open 2012"]
[Site "Tylosand"]
[Date "2012.05.17"]
[Round "3.58"]
[White "Ekberg, Andreas"]
[Black "Nilsson, Claes-Erik"]
[Result "1-0"]
[WhiteElo "1815"]
[BlackElo "1539"]
[EventDate "2012.05.17"]

1.e4 c5 2.d4 cxd4 3.c3 Nf6 4.e5 Nd5 5.cxd4 e6 6.Nc3 Bb4 7.Bd2 Nxc3 8.bxc3 
Ba5 9.Qg4 g6 10.Bd3 d6 11.f4 Nd7 12.Nf3 dxe5 13.fxe5 h5 14.Qg3 Bc7 15.Bxg6
Rg8 16.Bxf7+ Kxf7 17.Ng5+ Ke8 18.O-O Nf6 19.Rxf6 Qxf6 20.exf6 Bxg3 21.f7+ 
Kf8 22.fxg8=Q+ Kxg8 23.hxg3 b6 24.Re1 1-0

[Event "Deltalift Open 2012"]
[Site "Tylosand"]
[Date "2012.05.17"]
[Round "3.1"]
[White "Tikkanen, Hans"]
[Black "Lind, Jan-Olov"]
[Result "1-0"]
[WhiteElo "2636"]
[BlackElo "2238"]

1.Nf3 Nf6 2.c4 g6 3.g3 Bg7 4.Bg2 O-O 5.Nc3 d6 6.O-O Nbd7 7.b3 a6 8.Bb2 Rb8
9.a4 a5 10.d4 e5 11.e3 Re8 12.dxe5 dxe5 13.Ng5 h6 14.Nge4 Nxe4 15.Nxe4 f5 
16.Nc3 c6 17.Qc2 Nc5 18.Ba3 Qb6 19.Rab1 e4 20.Rfd1 Nd3 21.Ne2 Be6 22.c5 
Qc7 23.Nd4 Bd5 24.Bf1 Kh7 25.Ne2 Qf7 26.Nc3 Ne5 27.Nxd5 cxd5 28.Be2 g5 29.
Qd2 Rbd8 30.Qxa5 f4 31.Qe1 fxe3 32.fxe3 g4 33.Bb2 Nf3+ 34.Bxf3 exf3 35.
Bxg7 Qxg7 36.Rd4 Re6 37.Qd2 Qg5 38.Re1 Re5 39.b4 Rde8 40.Qd3+ Kh8 41.Kf2 
Qh5 42.h4 gxh3 43.Rh4 Qg5 44.Rxh3 Kg8 45.Rh4 R8e6 46.Kxf3 Rg6 47.Rg1 Rf5+ 
48.Ke2 Qf6 49.Rf4 Rxf4 50.exf4 Qe6+ 51.Kf2 d4 52.Re1 Qg4 53.Re8+ Kf7 54.
Rb8 h5 55.Rxb7+ Kg8 56.Qc4+ Kh8 57.Qxd4+ Kg8 58.Qd8# 1-0

[Event "Deltalift Open 2012"]
[Site "Tylosand"]
[Date "2012.05.17"]
[Round "3.2"]
[White "Lindborg, Patrik"]
[Black "Hector, Jonny"]
[Result "0-1"]
[WhiteElo "2230"]
[BlackElo "2630"]

1.d4 d5 2.c4 c6 3.Nf3 Nf6 4.e3 Bf5 5.Bd3 Bg6 6.O-O e6 7.b3 Nbd7 8.Bb2 Bd6 
9.Ne5 Qc7 10.f4 Bxd3 11.Qxd3 Ne4 12.Nxd7 Qxd7 13.Nc3 f5 14.Nxe4 fxe4 15.
Qe2 O-O 16.Bc3 Rf5 17.Kh1 Kh8 18.g4 Rf7 19.h4 Raf8 20.Kg2 Qe7 21.h5 h6 22.
c5 Bc7 23.b4 Rg8 24.Rh1 g5 25.hxg6 Rxg6 26.Rag1 Bxf4 27.exf4 Rxf4 28.Kh3 
Rf3+ 29.Rg3 Rxg4 30.Qxf3 Qh4+ 31.Kg2 exf3+ 0-1

[Event "Deltalift Open 2012"]
[Site "Tylosand"]
[Date "2012.05.17"]
[Round "3.3"]
[White "Berg, Emanuel"]
[Black "Persson, Andreas"]
[Result "1-0"]
[WhiteElo "2627"]
[BlackElo "2177"]

1.e4 e5 2.Nf3 Nc6 3.Bb5 a6 4.Ba4 Nf6 5.O-O Be7 6.Re1 b5 7.Bb3 O-O 8.h3 Bb7
9.d3 d6 10.c3 Na5 11.Bc2 c5 12.Nbd2 Rc8 13.Nf1 Re8 14.Ng3 h6 15.Nf5 Bf8 
16.Nh2 Kh7 17.Ng4 Nxg4 18.hxg4 g6 19.Ne3 Nc6 20.Qf3 Bg7 21.Bb3 f6 22.Bf7 
Rf8 23.Be6 Rb8 24.Qh3 Bc8 25.Bxc8 Rxc8 26.a4 b4 27.g3 Ne7 28.c4 Qd7 29.Kg2
Rh8 30.Rh1 Kg8 31.f4 Rf8 32.Bd2 Kf7 33.b3 Ke8 34.Raf1 Kd8 35.Rf2 Kc7 36.
Kf1 exf4 37.gxf4 f5 38.gxf5 gxf5 39.Rg2 Bd4 40.Nd5+ Nxd5 41.cxd5 Qh7 42.
Qf3 Rhg8 43.Rhh2 Rxg2 44.Rxg2 h5 45.e5 dxe5 46.fxe5 Bxe5 47.d4 Bxd4 48.
Bf4+ Kb6 49.a5+ Ka7 50.d6 Re8 51.Qc6 Qf7 52.Qb6+ Ka8 53.Qxa6+ Kb8 54.d7+ 
1-0

[Event "Deltalift Open 2012"]
[Site "Tylosand"]
[Date "2012.05.17"]
[Round "3.4"]
[White "Moren, Bjorn"]
[Black "Hillarp Persson, Tiger"]
[Result "0-1"]
[WhiteElo "2206"]
[BlackElo "2586"]

1.e4 g6 2.d4 Bg7 3.Nf3 d6 4.Bc4 e6 5.Qe2 Ne7 6.O-O O-O 7.Rd1 Nd7 8.c3 h6 
9.Nbd2 b6 10.Nf1 Bb7 11.Ng3 d5 12.Bd3 dxe4 13.Nxe4 Nd5 14.h4 Re8 15.h5 f5 
16.Ng3 g5 17.Ne5 Nf4 18.Bxf4 gxf4 19.Nxd7 fxg3 20.Ne5 Qh4 21.fxg3 Qxg3 22.
Bb5 Bxe5 23.dxe5 Re7 24.Rd3 Qg5 25.Bd7 Kh8 26.Qd2 Rg8 27.Qxg5 Rxg5 28.Rd2 
Bxg2 29.Rxg2 Rxd7 30.b3 Rd2 0-1

[Event "Deltalift Open 2012"]
[Site "Tylosand"]
[Date "2012.05.17"]
[Round "3.5"]
[White "Brynell, Stellan"]
[Black "Rydstrom, Tom"]
[Result "1-0"]
[WhiteElo "2555"]
[BlackElo "2171"]

1.d4 d5 2.c4 e6 3.Nf3 Be7 4.Nc3 Nf6 5.Bg5 O-O 6.e3 h6 7.Bh4 b6 8.Bd3 Bb7 
9.O-O Nbd7 10.Qe2 c5 11.Bg3 cxd4 12.exd4 Nh5 13.cxd5 Nxg3 14.hxg3 Bxd5 15.
Nxd5 exd5 16.Rac1 Re8 17.Qc2 Bd6 18.Bb5 Re7 19.Bc6 Rc8 20.Qf5 Nf6 21.Bxd5 
Rxc1 22.Rxc1 Rc7 23.Rd1 Nxd5 24.Qxd5 Rc2 25.Qb3 Qc7 26.Re1 Rc1 27.Qe3 
Rxe1+ 28.Nxe1 Qc4 29.b3 Qd5 30.Nc2 Qe6 31.Qxe6 fxe6 32.Kf1 Kf7 33.Ke2 Kf6 
34.Kf3 h5 35.Ke4 g5 36.Ne3 g4 37.Nc4 Bb4 38.Nb2 Be1 39.Nd3 Bd2 40.Nf4 Be1 
41.Ke3 1-0

[Event "Deltalift Open 2012"]
[Site "Tylosand"]
[Date "2012.05.17"]
[Round "3.6"]
[White "Rosell, Tomas"]
[Black "Ziegler, Ari"]
[Result "0-1"]
[WhiteElo "2200"]
[BlackElo "2418"]

1.e4 e6 2.d4 d5 3.Nc3 Nf6 4.e5 Nfd7 5.Qg4 c5 6.dxc5 Nxe5 7.Qg3 Nbc6 8.Bb5 
Ng6 9.h4 Bxc5 10.h5 Ne7 11.Qxg7 Rg8 12.Qxh7 Qb6 13.Nh3 Bd4 14.O-O Bxc3 15.
Bxc6+ Qxc6 16.bxc3 Qxc3 17.Ng5 Qf6 18.f4 Rh8 19.Bb2 Rxh7 20.Bxf6 Rxh5 21.
c4 dxc4 22.g4 Rh6 23.Ne4 Nd5 24.Bg5 Rh8 25.Rac1 b5 26.Nd6+ Kf8 27.Nxb5 f6 
28.Bxf6 Nxf6 29.g5 Ng4 30.Nd6 Ke7 31.Rfd1 Ne3 32.Rd2 Nd5 33.Nf5+ exf5 34.
Rxd5 Be6 35.Re5 Rac8 36.Kg2 Rc6 37.Rc3 Rd8 38.Ree3 Rd2+ 39.Kg3 Rxa2 40.Kh4
Rc8 41.Kg3 Rb2 42.Ra3 Rc7 43.Rec3 Rb3 44.Kh4 Rxc3 45.Rxc3 Kd6 46.g6 Kd5 
47.Kg5 Kd4 48.Rc1 c3 49.Kf6 Bc4 50.Rd1+ Ke3 51.Ke5 c2 0-1

[Event "Deltalift Open 2012"]
[Site "Tylosand"]
[Date "2012.05.17"]
[Round "3.7"]
[White "Kockum, Anton Frisk"]
[Black "Gutzmann, Tobias"]
[Result "1-0"]
[WhiteElo "2410"]
[BlackElo "2076"]

1.d4 Nf6 2.Nf3 g6 3.c4 Bg7 4.Nc3 d5 5.Bg5 Ne4 6.Bh4 c5 7.cxd5 Qa5 8.Rc1 
cxd4 9.Nxd4 g5 10.Bg3 O-O 11.e3 Nxc3 12.bxc3 Qxd5 13.Qb3 Qe4 14.Bc4 Nd7 
15.O-O Nc5 16.Qb4 b6 17.Nb3 Bb7 18.f3 Qxe3+ 19.Bf2 Qf4 20.Nxc5 bxc5 21.
Bxf7+ Rxf7 22.Qxb7 Rb8 23.Qxa7 Be5 24.g3 Qxf3 25.Bxc5 Qc6 26.Rxf7 Rb7 27.
Qa8+ Bb8 28.Rf5 1-0

[Event "Deltalift Open 2012"]
[Site "Tylosand"]
[Date "2012.05.17"]
[Round "3.8"]
[White "Rothman, Peter"]
[Black "Johansson, Linus"]
[Result "1/2-1/2"]
[WhiteElo "2197"]
[BlackElo "2379"]

1.d4 Nf6 2.Nf3 e6 3.a3 b6 4.c4 Bb7 5.Nc3 d5 6.Bg5 Be7 7.e3 O-O 8.Bd3 h6 9.
Bh4 Nbd7 10.O-O c5 11.Qe2 Rc8 12.cxd5 Nxd5 13.Bxe7 Qxe7 14.Ba6 N7f6 15.
Nxd5 Nxd5 16.Rac1 Rc7 17.Bxb7 Rxb7 18.Rc2 Rc7 19.Rfc1 Rfc8 20.h3 cxd4 21.
Nxd4 Qd7 22.Rxc7 Rxc7 23.Rxc7 Qxc7 24.Qc2 Qxc2 25.Nxc2 Kf8 26.Kf1 Ke7 27.
Ke2 Kd6 28.Kd3 e5 29.g3 g6 30.e4 Nc7 31.f4 Ne6 32.Ke3 Nc5 33.Nb4 Na4 34.
Nd3 f6 35.h4 a5 36.Kd2 h5 37.fxe5+ fxe5 38.b3 Nc5 39.Nxc5 Kxc5 40.Kd3 b5 
41.Kc3 Kc6 42.b4 Kb6 43.Kd3 1/2-1/2

[Event "Deltalift Open 2012"]
[Site "Tylosand"]
[Date "2012.05.17"]
[Round "4.17"]
[White "von Bromssen, Goran"]
[Black "Moren, Bjorn"]
[Result "0-1"]
[WhiteElo "2074"]
[BlackElo "2206"]
[EventDate "2012.05.17"]

1.d4 d5 2.c4 dxc4 3.Nf3 Nf6 4.g3 Nc6 5.Bg2 g6 6.O-O Bg7 7.Na3 O-O 8.Nxc4 
Be6 9.Ne3 Rb8 10.b3 Nd5 11.Nxd5 Bxd5 12.e3 Be4 13.Ba3 Qd5 14.Ne1 Bxg2 15.
Nxg2 Rfd8 16.Bb2 Qa5 17.Qe2 e5 18.d5 Rxd5 19.a4 Rd2 0-1

[Event "Deltalift Open 2012"]
[Site "Tylosand"]
[Date "2012.05.17"]
[Round "4.25"]
[White "Sandstrom, Anders"]
[Black "Brezinski, Adam"]
[Result "1/2-1/2"]
[WhiteElo "2024"]
[BlackElo "2170"]
[EventDate "2012.05.17"]

1.Nf3 c5 2.c4 Nc6 3.g3 e5 4.Nc3 g6 5.Bg2 Bg7 6.O-O Nge7 7.d3 d6 8.Bg5 f6 
9.Bd2 O-O 10.Rb1 Be6 11.a3 a5 12.Ne1 d5 13.cxd5 Nxd5 14.Nc2 Qd7 15.b4 cxb4
16.Nxd5 Bxd5 17.Bxd5+ Qxd5 18.axb4 a4 19.b5 Nd4 20.e4 Qd7 21.Nxd4 Qxd4 22.
Be3 Qd7 23.Rb4 Rfd8 24.Rxa4 Qxb5 25.Rxa8 Rxa8 26.Qb1 Qd7 27.Qb3+ Kh8 28.
Rb1 1/2-1/2

[Event "Deltalift Open 2012"]
[Site "Tylosand"]
[Date "2012.05.17"]
[Round "4.32"]
[White "Lindh, Fredrik"]
[Black "Svensson, Soren"]
[Result "1-0"]
[WhiteElo "2290"]
[BlackElo "2037"]
[EventDate "2012.05.17"]

1.e4 e5 2.Nf3 Nc6 3.Bb5 a6 4.Ba4 Nf6 5.O-O Nxe4 6.d4 b5 7.Bb3 d5 8.dxe5 
Be6 9.Nbd2 Nc5 10.c3 Be7 11.Bc2 Bg4 12.Re1 O-O 13.Nb3 Ne4 14.Bf4 f6 15.Qd3
fxe5 16.Nxe5 Nxe5 17.Bxe5 Bf5 18.Nd4 Bh4 1-0

[Event "Deltalift Open 2012"]
[Site "Tylosand"]
[Date "2012.05.17"]
[Round "4.37"]
[White "Mattsson, Michael"]
[Black "Sundeby, Johan"]
[Result "1-0"]
[WhiteElo "2189"]
[BlackElo "1742"]
[EventDate "2012.05.17"]

1.e4 d6 2.d4 f5 3.Nc3 Nf6 4.f3 e6 5.Bb5+ c6 6.Bd3 Be7 7.Nh3 O-O 8.Be3 c5 
9.dxc5 dxc5 10.Qe2 a6 11.O-O-O Qa5 12.exf5 b5 13.fxe6 b4 14.Nb1 Qxa2 15.
Bxc5 Bxc5 16.e7 Nd5 17.Bc4 Be3+ 18.Rd2 Bxd2+ 19.Kxd2 Qxb2 20.Bxd5+ Kh8 21.
exf8=Q# 1-0

[Event "Deltalift Open 2012"]
[Site "Tylosand"]
[Date "2012.05.17"]
[Round "4.45"]
[White "Svensson, Daniel"]
[Black "Nilsson, Kristoffer"]
[Result "1/2-1/2"]
[WhiteElo "1700"]
[BlackElo "1948"]
[EventDate "2012.05.17"]

1.e4 c6 2.d4 d5 3.exd5 cxd5 4.Bd3 Nc6 5.c3 Nf6 6.Bf4 Bg4 7.Qb3 Qb6 8.Qxb6 
axb6 9.Nd2 Nd7 10.Ngf3 f6 11.O-O e5 12.dxe5 fxe5 13.Nxe5 Ndxe5 14.Rfe1 Bd6
15.Bxe5 Nxe5 16.f4 O-O 17.fxe5 Bc5+ 18.Kh1 Rf2 19.Nb3 Rxb2 20.Nxc5 bxc5 
21.Rab1 Rd2 22.Bf1 Raxa2 23.Rxb7 Kf8 24.e6 Bxe6 25.Rxe6 Rd1 26.h3 Rxf1+ 
27.Kh2 Raf2 1/2-1/2

[Event "Deltalift Open 2012"]
[Site "Tylosand"]
[Date "2012.05.17"]
[Round "4.46"]
[White "Petersson, Daniel"]
[Black "Hansen, Anders"]
[Result "1-0"]
[WhiteElo "1941"]
[BlackElo "1714"]
[EventDate "2012.05.17"]

1.d4 d5 2.c4 e5 3.dxe5 d4 4.Nf3 Nc6 5.g3 Be6 6.Nbd2 Bb4 7.Bg2 Bxc4 8.O-O 
Ba6 9.a3 Be7 10.b4 d3 11.e3 Qd5 12.Bb2 Qe6 13.Qa4 Bc4 14.Nd4 b5 15.Nxe6 
bxa4 16.Bxc6# 1-0

[Event "Deltalift Open 2012"]
[Site "Tylosand"]
[Date "2012.05.17"]
[Round "4.58"]
[White "Brondum Kraul, Jan"]
[Black "Andersson, Sven-Olof"]
[Result "0-1"]
[WhiteElo "1647"]
[BlackElo "2013"]
[EventDate "2012.05.17"]

1.e4 c5 2.Qf3 Nc6 3.d3 d6 4.c3 Nf6 5.Be3 Qb6 6.b3 g6 7.h3 Bg7 8.Nd2 Qa5 9.
Rc1 Be6 10.Be2 Qxa2 11.Bd1 Qa6 12.Ne2 Ne5 0-1

[Event "Deltalift Open 2012"]
[Site "Tylosand"]
[Date "2012.05.17"]
[Round "4.61"]
[White "Nilsson, Claes-Erik"]
[Black "Kinberger, Elon"]
[Result "1-0"]
[WhiteElo "1539"]
[BlackElo "1400"]
[EventDate "2012.05.17"]

1.e4 c5 2.Nf3 d6 3.Bc4 Nc6 4.c3 e6 5.d4 d5 6.exd5 exd5 7.Bb3 c4 8.Bc2 g6 
9.O-O Bg7 10.Re1+ Nge7 11.Bf4 O-O 12.Nbd2 Qd7 13.b3 b5 14.a4 a6 15.axb5 
axb5 16.Rxa8 b4 17.bxc4 dxc4 18.Nxc4 Bb7 19.Rxf8+ Kxf8 20.Nce5 Nxe5 21.
dxe5 Qg4 22.Qd8# 1-0

[Event "Deltalift Open 2012"]
[Site "Tylosand"]
[Date "2012.05.17"]
[Round "4.65"]
[White "Nylander, Lennart"]
[Black "Olsson, Sven"]
[Result "1/2-1/2"]
[WhiteElo "1590"]
[BlackElo "1502"]
[EventDate "2012.05.17"]

1.e4 g6 2.Nf3 Bg7 3.c3 e6 4.d4 Ne7 5.Be3 d6 6.Bd3 O-O 7.O-O e5 8.dxe5 dxe5
9.Bc4 Nbc6 10.Qb3 Na5 11.Qa4 Nxc4 12.Qxc4 Be6 1/2-1/2

[Event "Deltalift Open 2012"]
[Site "Tylosand"]
[Date "2012.05.17"]
[Round "4.1"]
[White "Fransson, Peter"]
[Black "Tikkanen, Hans"]
[Result "0-1"]
[WhiteElo "2312"]
[BlackElo "2636"]

1.e4 e6 2.d3 d5 3.Nd2 g6 4.Qe2 Bg7 5.Ngf3 Nf6 6.g3 c5 7.Bg2 Nc6 8.O-O O-O 
9.c3 e5 10.Nb3 b6 11.Bg5 dxe4 12.dxe4 Qc7 13.Nfd2 h6 14.Bxf6 Bxf6 15.Rfd1 
Rd8 16.Nf1 Rxd1 17.Rxd1 Bg7 18.Ne3 Be6 19.Nd5 Qb7 20.Qb5 Nd8 21.Qe8+ Kh7 
22.Ne7 Bf8 23.Rxd8 Rxd8 24.Qxd8 Bxe7 25.Qd1 a5 26.Nc1 b5 27.h4 b4 28.Qc2 
c4 29.cxb4 Qxb4 30.Kf1 Bc5 31.Ne2 a4 32.Nc3 a3 33.bxa3 Qxa3 34.Nd5 Bc8 35.
Ke1 Bb4+ 36.Ke2 Ba6 37.h5 g5 38.Bh3 Ba5 39.Ne3 c3+ 40.Kf3 Qb2 41.Qa4 Qb5 
42.Qa3 Qb4 43.Qc1 Bb6 44.Bf5+ Kg7 45.Bg4 Qb2 0-1

[Event "Deltalift Open 2012"]
[Site "Tylosand"]
[Date "2012.05.17"]
[Round "4.2"]
[White "Hector, Jonny"]
[Black "Kockum, Anton Frisk"]
[Result "1-0"]
[WhiteElo "2630"]
[BlackElo "2410"]

1.e4 c5 2.Nf3 Nc6 3.Nc3 g6 4.d4 cxd4 5.Nxd4 Bg7 6.Be3 Nf6 7.Bc4 Qa5 8.O-O 
O-O 9.Nb3 Qc7 10.Be2 d6 11.Bg5 Be6 12.f4 Na5 13.Kh1 Rac8 14.Qe1 Bc4 15.Bd3
Bxd3 16.cxd3 Nxb3 17.axb3 Qc5 18.Ra4 Rfe8 19.e5 Ng4 20.h3 Nh6 21.Bxe7 Rxe7
22.Rc4 dxe5 23.Rxc5 Rxc5 24.d4 exd4 25.Qxe7 Bf8 26.Qd8 dxc3 27.bxc3 Rxc3 
28.Re1 1-0

[Event "Deltalift Open 2012"]
[Site "Tylosand"]
[Date "2012.05.17"]
[Round "4.3"]
[White "Ostling, Hakan"]
[Black "Berg, Emanuel"]
[Result "0-1"]
[WhiteElo "2269"]
[BlackElo "2627"]

1.f4 Nf6 2.Nf3 g6 3.g3 Bg7 4.Bg2 d6 5.d3 O-O 6.O-O e5 7.Nc3 Nc6 8.e4 exf4 
9.Bxf4 h6 10.Kh1 Ng4 11.h3 Nge5 12.Nxe5 Nxe5 13.Qd2 g5 14.Be3 Be6 15.Ne2 
Qd7 16.Kh2 d5 17.exd5 Bxd5 18.Nc3 Bxg2 19.Qxg2 c6 20.g4 f5 21.Rxf5 Rxf5 
22.gxf5 Rf8 23.Rf1 Rxf5 24.Ne4 g4 25.Rxf5 Qxf5 26.Ng3 Qe6 27.Bxa7 Nf3+ 28.
Kh1 Qxa2 29.hxg4 Nh4 30.Qf2 Qxb2 31.Be3 Qa1+ 32.Kh2 Qd1 33.Kh3 Nf3 34.Qe2 
Qxe2 35.Nxe2 Ne1 36.Nd4 Bxd4 37.Bxd4 Nxc2 38.Bc3 b5 39.Kh4 b4 40.Be5 Ne1 
0-1

[Event "Deltalift Open 2012"]
[Site "Tylosand"]
[Date "2012.05.17"]
[Round "4.4"]
[White "Hillarp Persson, Tiger"]
[Black "Mohammadi, Amir"]
[Result "1-0"]
[WhiteElo "2586"]
[BlackElo "2324"]

1.d4 f5 2.Nc3 d5 3.Bf4 Nf6 4.Nb5 Na6 5.e3 c6 6.Nc3 Nc7 7.Bd3 g6 8.Nce2 Bg7
9.Nf3 Ne6 10.Be5 O-O 11.O-O b6 12.c4 Bb7 13.cxd5 Nxd5 14.Rc1 Bf6 15.Qb3 
Kg7 16.Rfd1 h6 17.Bc4 Ng5 18.Bxd5 cxd5 19.Nf4 Nxf3+ 20.gxf3 Kf7 21.Bxf6 
exf6 22.Rc3 g5 23.Rdc1 gxf4 24.Rc7+ Kg6 25.Rxb7 Rc8 26.Rc3 Rg8 27.Kh1 Rg7 
28.Rxg7+ Kxg7 29.Rxc8 Qxc8 30.Qxd5 fxe3 31.fxe3 Qc1+ 32.Kg2 Qd2+ 33.Kh3 
Qxe3 34.Qxf5 Qxd4 35.Qg4+ Qxg4+ 36.Kxg4 Kg6 37.Kf4 Kg7 38.Kf5 Kf7 39.h3 a6
40.b3 a5 41.a4 Ke7 42.Kg6 Ke6 43.f4 h5 44.h4 f5 45.Kxh5 Kd5 46.Kg5 Kd4 47.
h5 Kc3 48.h6 Kxb3 49.h7 1-0

[Event "Deltalift Open 2012"]
[Site "Tylosand"]
[Date "2012.05.17"]
[Round "4.5"]
[White "Arnelind, Mikael"]
[Black "Brynell, Stellan"]
[Result "0-1"]
[WhiteElo "2256"]
[BlackElo "2555"]

1.e4 e6 2.d4 d5 3.e5 c5 4.c3 Qb6 5.Nf3 Nc6 6.a3 Bd7 7.b4 cxd4 8.cxd4 Rc8 
9.Be2 a5 10.b5 Nxd4 11.Nxd4 Rxc1 12.Qxc1 Qxd4 13.Qc3 Bc5 14.O-O Ne7 15.Ra2
Qxc3 16.Nxc3 Bd4 17.Na4 Nc8 18.Rc1 Bxe5 19.Rac2 Ke7 20.Nc5 b6 21.Nxd7 Kxd7
22.Rc6 Bd6 23.R6c3 Bc5 24.a4 Nd6 25.Bf3 Nc4 26.Rxc4 dxc4 27.Rxc4 f5 28.Kf1
e5 29.g4 e4 30.Bd1 g6 31.gxf5 gxf5 32.Bb3 Kd6 33.Rc1 Ke5 34.Rd1 Bd4 35.Rc1
Rd8 36.Rc7 Bc5 37.Ke2 Rd3 38.Bg8 Rf3 39.Rxh7 Rxf2+ 40.Ke1 Rg2 41.Bc4 f4 
42.Bf1 Bb4+ 43.Kd1 Rg1 44.Ke2 f3+ 45.Kf2 Bc5+ 46.Ke1 e3 47.Rh5+ Kf4 0-1

[Event "Deltalift Open 2012"]
[Site "Tylosand"]
[Date "2012.05.17"]
[Round "4.6"]
[White "Ziegler, Ari"]
[Black "Ravik, Andreas"]
[Result "1-0"]
[WhiteElo "2418"]
[BlackElo "1921"]

1.e4 c5 2.Nf3 Nc6 3.d4 cxd4 4.Nxd4 e5 5.Nb5 a6 6.Nd6+ Bxd6 7.Qxd6 Qf6 8.
Qxf6 Nxf6 9.f3 d5 10.exd5 Nb4 11.Na3 Nbxd5 12.Bd2 O-O 13.O-O-O b5 14.c4 
bxc4 15.Nxc4 e4 16.b3 Re8 17.Nd6 Re6 18.Nxe4 Nxe4 19.fxe4 Rxe4 20.Bd3 Re8 
21.Rhe1 Be6 22.Kb2 a5 23.Be4 Rec8 24.Rc1 Rd8 25.Rc5 a4 26.Ba5 a3+ 27.Kxa3 
Rdc8 28.Rxc8+ Bxc8 29.Bxd5 Rxa5+ 30.Kb4 Rxd5 31.Re8# 1-0

[Event "Deltalift Open 2012"]
[Site "Tylosand"]
[Date "2012.05.17"]
[Round "4.7"]
[White "Fransson, Angelina"]
[Black "Rothman, Peter"]
[Result "0-1"]
[WhiteElo "2066"]
[BlackElo "2197"]

1.e4 c5 2.d3 g6 3.g3 Bg7 4.Bg2 e6 5.f4 Ne7 6.Nf3 Nbc6 7.O-O O-O 8.c3 b6 9.
Be3 Ba6 10.Bf2 Qc7 11.Re1 Rac8 12.Na3 Rfd8 13.Qd2 h5 14.h3 d6 15.Rac1 b5 
16.Nc2 Qa5 17.Ne3 b4 18.f5 exf5 19.exf5 Bh6 20.g4 bxc3 21.bxc3 Ne5 22.Bh4 
Rd7 23.g5 Bf8 24.Nxe5 dxe5 25.Be4 c4 26.Rf1 cxd3 27.fxg6 Nxg6 28.Bf5 Rcd8 
29.Bxd7 Rxd7 30.Be1 Bb7 31.c4 Qc5 32.Bf2 Nf4 33.Kh2 Qe7 34.Nf5 Qe6 35.Ne3 
Qxh3+ 36.Kg1 Qh1# 0-1

[Event "Deltalift Open 2012"]
[Site "Tylosand"]
[Date "2012.05.17"]
[Round "4.8"]
[White "Johansson, Linus"]
[Black "Aira, Johannes"]
[Result "1-0"]
[WhiteElo "2379"]
[BlackElo "2070"]

1.d4 Nf6 2.Nf3 g6 3.c4 Bg7 4.g3 O-O 5.Bg2 c6 6.O-O d5 7.cxd5 cxd5 8.Ne5 
Nc6 9.Nc3 Ne4 10.Nxc6 bxc6 11.Nxe4 dxe4 12.Bxe4 Bh3 13.Bg2 Bxg2 14.Kxg2 
Qxd4 15.Qxd4 Bxd4 16.Rb1 Rab8 17.b3 c5 18.Bf4 Rbc8 19.Rbc1 e5 20.Bh6 Rfe8 
21.Rc4 Re6 22.Rfc1 Rec6 23.e3 Bb2 24.R1c2 Ba3 25.Ra4 Bb4 26.a3 Be1 27.Kf1 
Bxf2 28.Kxf2 R8c7 29.Rac4 a5 30.b4 axb4 31.axb4 f6 32.e4 g5 33.h4 Kf7 34.
hxg5 Kg6 35.Bf8 fxg5 36.Bxc5 Rf7+ 37.Kg2 h5 38.b5 Rcf6 39.Bf2 h4 40.Rc6 
Kh5 41.Rxf6 Rxf6 42.b6 Kg4 43.b7 hxg3 44.Bg1 Rf8 45.Rc8 Rxc8 46.bxc8=Q+ 
Kh4 47.Qh3# 1-0

[Event "Deltalift Open 2012"]
[Site "Tylosand"]
[Date "2012.05.18"]
[Round "5.9"]
[White "Rosell, Tomas"]
[Black "Ostling, Hakan"]
[Result "1-0"]
[WhiteElo "2200"]
[BlackElo "2269"]
[EventDate "2012.05.17"]

1.e4 e6 2.d4 d5 3.Nc3 Bb4 4.e5 b6 5.Nf3 Qd7 6.Be2 Ba6 7.Bxa6 Nxa6 8.Qd3 
Nb8 9.O-O Nc6 10.Ne2 Na5 11.b3 Bf8 12.Bd2 Nb7 13.c4 Ne7 14.Nf4 Ng6 15.Nh5 
h6 16.Rac1 Nd8 17.Rfe1 a5 18.cxd5 exd5 19.e6 Nxe6 20.Rxe6+ fxe6 21.Qxg6+ 
Qf7 22.Qxf7+ Kxf7 23.Rxc7+ Kg6 24.Ne5+ Kxh5 25.Rc3 1-0

[Event "Deltalift Open 2012"]
[Site "Tylosand"]
[Date "2012.05.18"]
[Round "5.10"]
[White "Reid, Gregor"]
[Black "Arnelind, Mikael"]
[Result "1/2-1/2"]
[WhiteElo "2171"]
[BlackElo "2256"]
[EventDate "2012.05.17"]

1.Nf3 Nf6 2.g3 g6 3.Bg2 Bg7 4.O-O O-O 5.d3 d5 6.Nbd2 c5 7.e4 Nc6 8.h3 b6 
9.Re1 Ba6 10.e5 Ne8 11.Nf1 Nc7 12.h4 Ne6 13.N1h2 Qc7 14.h5 Nxe5 15.Nxe5 
Bxe5 16.hxg6 hxg6 17.Ng4 Bd4 18.c3 Bg7 19.Nh6+ Bxh6 20.Bxh6 Ng7 21.Bxd5 
Bb7 22.Bxb7 Qxb7 23.Qe2 Rfe8 24.Bxg7 Kxg7 25.Qe5+ f6 26.Qe4 Qxe4 27.dxe4 
Rad8 28.Rad1 Kf7 1/2-1/2

[Event "Deltalift Open 2012"]
[Site "Tylosand"]
[Date "2012.05.18"]
[Round "5.11"]
[White "Naslund, Mikael"]
[Black "Lindahl, Emil"]
[Result "1-0"]
[WhiteElo "2241"]
[BlackElo "2154"]
[EventDate "2012.05.17"]

1.d4 Nf6 2.c4 e6 3.Nc3 Bb4 4.e3 O-O 5.Bd3 d5 6.Nf3 dxc4 7.Bxc4 c5 8.O-O 
cxd4 9.exd4 Qc7 10.Qb3 Bxc3 11.bxc3 b6 12.Re1 Nc6 13.Bd3 Bb7 14.Bg5 Nd5 
15.Rac1 Nf4 16.Bb1 Rfe8 17.Qc2 Ng6 18.Qe2 Rac8 19.h4 Nf8 20.h5 f6 21.Be3 
Na5 22.h6 g6 23.Nd2 Bd5 24.Ne4 Nd7 25.Bd3 Nc4 26.a4 Qc6 27.Bf4 e5 28.dxe5 
Ndxe5 29.Bxe5 Nxe5 30.Bb5 Qe6 31.Bxe8 Rxe8 32.Qd2 Bc4 33.Qd6 f5 34.Nf6+ 
1-0

[Event "Deltalift Open 2012"]
[Site "Tylosand"]
[Date "2012.05.18"]
[Round "5.13"]
[White "Wahlstrom, Lennart"]
[Black "Ask, Josef"]
[Result "1-0"]
[WhiteElo "2157"]
[BlackElo "2206"]
[EventDate "2012.05.17"]

1.e4 c5 2.Nf3 e6 3.d4 cxd4 4.Nxd4 a6 5.Be2 Nf6 6.Nc3 d6 7.O-O Be7 8.Be3 
O-O 9.f4 Nc6 10.Qe1 Qc7 11.Kh1 Bd7 12.Qg3 Nxd4 13.Bxd4 Bc6 14.Bd3 b5 15.e5
dxe5 16.Bxe5 Qb7 17.Rae1 Nh5 18.Qh3 g6 19.Ne4 f5 20.Nd2 Rad8 21.Nf3 Rd7 
22.Ng5 Bd5 23.b3 Rfd8 24.Re2 Qc6 25.Bb2 Bf8 26.Qe3 Bc5 27.Qe5 Rg7 28.c4 
bxc4 29.bxc4 1-0

[Event "Deltalift Open 2012"]
[Site "Tylosand"]
[Date "2012.05.18"]
[Round "5.14"]
[White "Moren, Bjorn"]
[Black "Fransson, Angelina"]
[Result "1-0"]
[WhiteElo "2206"]
[BlackElo "2066"]
[EventDate "2012.05.17"]

1.e4 c5 2.Nc3 e6 3.g3 Nc6 4.Bg2 Nf6 5.d3 Be7 6.f4 d6 7.Nf3 O-O 8.O-O Qc7 
9.h3 a6 10.a4 Rb8 11.g4 b5 12.f5 b4 13.Ne2 exf5 14.exf5 Bb7 15.Nf4 Ne5 16.
g5 Ne8 17.Nh5 Bxf3 18.Bxf3 g6 19.Ng3 f6 20.Bd5+ Kg7 21.h4 Qd8 22.h5 Nc7 
23.fxg6 Nxd5 24.Nf5+ Kg8 25.gxh7+ Kxh7 26.g6+ Nxg6 27.hxg6+ Kxg6 28.Nh4+ 
1-0

[Event "Deltalift Open 2012"]
[Site "Tylosand"]
[Date "2012.05.18"]
[Round "5.15"]
[White "Ravik, Andreas"]
[Black "Lundstedt, Peter"]
[Result "0-1"]
[WhiteElo "1921"]
[BlackElo "2200"]
[EventDate "2012.05.17"]

1.Nf3 d5 2.d4 Nf6 3.c4 e6 4.Nc3 Be7 5.e3 O-O 6.c5 b6 7.cxb6 axb6 8.Be2 Ba6
9.O-O c5 10.b3 Nc6 11.Bxa6 Rxa6 12.Qe2 Qa8 13.a4 Rc8 14.Bb2 Na5 15.Nd2 c4 
16.bxc4 Nxc4 17.Nxc4 Rxc4 18.Qd3 Bb4 19.Rfc1 Bxc3 20.Rxc3 Raxa4 21.Rxa4 
Qxa4 22.Ra3 Qc6 23.h3 h6 24.Qb3 Qb7 25.Qb5 Rc2 26.Qb3 Rc6 27.Qb5 Ne4 28.
Qb3 Nd2 29.Qa2 Rc8 30.Ra7 Qc6 31.Qa3 Nc4 32.Qe7 Qe8 33.Qb4 Qf8 34.Qb5 Ra8 
35.Rxa8 Qxa8 36.Bc3 Qa3 37.Bb4 Qc1+ 38.Kh2 Qb2 39.Qe8+ Kh7 40.Be1 Qe2 41.
Qxf7 Qxe1 42.h4 Qb1 43.Qxe6 Qe4 44.Qh3 h5 45.f3 Qg6 46.e4 dxe4 47.fxe4 
Qxe4 48.Qd7 Ne3 0-1

[Event "Deltalift Open 2012"]
[Site "Tylosand"]
[Date "2012.05.18"]
[Round "5.16"]
[White "Ollen, Martin"]
[Black "Karlsson, Jorgen"]
[Result "1-0"]
[WhiteElo "1963"]
[BlackElo "2230"]
[EventDate "2012.05.17"]

1.e4 d6 2.d4 Nf6 3.Nd2 g6 4.Ngf3 Bg7 5.Bc4 O-O 6.O-O Nc6 7.c3 e5 8.d5 Ne7 
9.Qe2 Nh5 10.Rd1 Nf4 11.Qe1 f5 12.exf5 gxf5 13.Nf1 Neg6 14.Ng3 Kh8 15.Ne2 
Bh6 16.Kh1 e4 17.Nfd4 Kg7 18.g3 Nh5 19.Bxh6+ Kxh6 20.Ng1 Qe7 21.f4 exf3 
22.Ngxf3 Qxe1+ 23.Rxe1 f4 24.Kg2 Bg4 25.Rf1 Rae8 26.Rae1 Rxe1 27.Rxe1 fxg3
28.hxg3 Bxf3+ 29.Nxf3 c5 30.dxc6 bxc6 31.Rh1 Rxf3 32.Kxf3 Ne5+ 33.Kf2 Nxc4
34.g4 Nxb2 35.Rxh5+ Kg6 36.Ke2 Nc4 37.Rh1 Ne5 38.Rd1 d5 39.Rd4 a5 40.Kf2 
Nc4 41.Kg3 Kg5 42.Rf4 Nd6 43.Ra4 Ne4+ 44.Kf3 Nxc3 45.Rxa5 Ne4 46.Ra7 h5 
47.gxh5 Kxh5 48.Ke3 Kg5 49.Kd4 Kf5 50.Ra6 1-0